000 00955nam0a22002651 4500
001 rc\461090
005 20250621093414.0
035 _a(NLR Aleph) 005705522
090 _a7322756
_c7322756
100 _a20030616d1987 |||y0rusy50 ca
101 0 _arus
102 _aRU
105 _aa |||||||||
200 1 _aРазработка автоматизированной системы обработки данных административного района
210 _aРига
_cЛатНИИНТИ
_d1987
215 _a51 с.
_cил.
_d20
225 1 _aОбзорная информация
_fЛатв. НИИ НТИ и техн.-экон. исслед.
300 _aНа обл. авт. не указан
320 _aБиблиогр.: с. 47-50 (32 назв.)
700 1 _aВанагс
_bЭ.Я.
_gЭдвин Янович
801 0 _aRU
_bNLR
_gpsbo
801 1 _aRU
_bELAR
_2rusmarc
852 _aNLR
_j87-4/7656
942 _cBOOK
980 _aNB